00398nam a22001217a 4500082000900000100002600009245014500035260002800180300001800208526001800226650001100244700002100255 aT-40 aMuhammad Zubair Ahmed aComparative study of theoretically predicted behaviour and actual performance of cast-in-situ bored piles in pakistancMuhammad Zubair ahmed aRisalpurbMCEc7-4-1997 a240p.:c40cm. a0b0c0dT_40 aThesis aNassrullah Abeer